المنشآت الدينية في مدينتي إبيداوروس وبرييني منذ القرن الرابع ق.م حتى نهاية العصر الهلينستي / (رقم التسجيلة. 179650)
[ عرض عادي ]
| 000 -LEADER | |
|---|---|
| fixed length control field | 03870namaa22004211i 4500 |
| 003 - CONTROL NUMBER IDENTIFIER | |
| control field | OSt |
| 005 - أخر تعامل مع التسجيلة | |
| control field | 20260421122300.0 |
| 008 - FIXED-LENGTH DATA ELEMENTS--GENERAL INFORMATION | |
| fixed length control field | 250827s2025 ua a|||frm||| 000 0 eng d |
| 040 ## - CATALOGING SOURCE | |
| Original cataloguing agency | EG-GICUC |
| Language of cataloging | ara |
| Transcribing agency | EG-GICUC |
| Modifying agency | EG-GICUC |
| Description conventions | rda |
| 041 0# - LANGUAGE CODE | |
| Language code of text/sound track or separate title | ara |
| Language code of summary or abstract | ara |
| -- | eng |
| 049 ## - Acquisition Source | |
| Acquisition Source | إيداع |
| 082 04 - DEWEY DECIMAL CLASSIFICATION NUMBER | |
| Classification number | 726 |
| 092 ## - LOCALLY ASSIGNED DEWEY CALL NUMBER (OCLC) | |
| Classification number | 726 |
| Edition number | 21 |
| 097 ## - Degree | |
| Degree | مــــاجستير |
| 099 ## - LOCAL FREE-TEXT CALL NUMBER (OCLC) | |
| Local Call Number | Cai01.14.04.M.Sc.2025.مص.م |
| 100 0# - MAIN ENTRY--PERSONAL NAME | |
| Authority record control number or standard number | ،مصطفى أشرف عبد الفتاح عبد العزيز أبو حسين |
| Preparation | إعداد. |
| 245 10 - TITLE STATEMENT | |
| Title | المنشآت الدينية في مدينتي إبيداوروس وبرييني منذ القرن الرابع ق.م حتى نهاية العصر الهلينستي / |
| Statement of responsibility, etc. | إعداد مصطفى أشرف عبد الفتاح عبد العزيز أبو حسين؛ إشراف أ.د/ خالد غريب علي أحمد شاهين، أ.م.د/ منى جبر عبد النبي حسين. |
| 246 15 - VARYING FORM OF TITLE | |
| Title proper/short title | The religious buildings of the cities of epidaurus and priene since the fourth century b.c. until the end of the hellenistic age / |
| 264 #0 - PRODUCTION, PUBLICATION, DISTRIBUTION, MANUFACTURE, AND COPYRIGHT NOTICE | |
| Date of production, publication, distribution, manufacture, or copyright notice | 2025. |
| 300 ## - PHYSICAL DESCRIPTION | |
| Extent | 455 صفحة : |
| Other physical details | إيضاحيات ؛ |
| Dimensions | 30 سم. + |
| Accompanying material | CD. |
| 336 ## - CONTENT TYPE | |
| Content type term | text |
| Source | rda content |
| 337 ## - MEDIA TYPE | |
| Media type term | Unmediated |
| Source | rdamedia |
| 338 ## - CARRIER TYPE | |
| Carrier type term | volume |
| Source | rdacarrier |
| 502 ## - DISSERTATION NOTE | |
| Dissertation note | أطروحة (ماجستير)-جامعة القاهرة، 2025. |
| 504 ## - BIBLIOGRAPHY, ETC. NOTE | |
| Bibliography, etc. note | ببليوجرافيا: صفحات 266-286. |
| 520 ## - SUMMARY, ETC. | |
| Summary, etc. | يتم تقسيم البحث إلى مقدمة وتمهيد وبابين، ويحتوي الباب الأول على فصلين، بينما يحتوي الباب الثاني على ثلاثة فصول، ثم خاتمة، وسبعة ملاحق وكتالوج الأشكال التوضيحية.ويتناول التمهيد أصل التسمية، وبداية التأسيس، والموقع، والتاريخ السياسي، وتخطيط مدينتي إبيداوروس وبرييني، وأيضًا أعمال التنقيب، والبحث العلمي الذي تم في المدينتين.ويتناول الباب الأول دراسة وصفية للمنشآت الدينية في مدينتي إبيداوروس وبرييني، في حين يتناول الباب الثاني دراسة تحليلية للمنشآت الدينية في مدينتي إبيداوروس وبرييني. |
| 520 ## - SUMMARY, ETC. | |
| Summary, etc. | The research is divided into an introduction, a preface, and two chapters. The first chapter contains two chapters, while the second chapter contains three chapters, a conclusion, seven appendices, and a catalog of illustrative figures.The preface covers the origin of the name, the beginning of its establishment, the location, the political history, and the planning of the cities of Epidaurus and Priene, as well as the excavations and scientific research conducted in the two cities.The first chapter includes a descriptive study of the religious structures in Epidaurus and Priene, while the second chapter includes an analytical study of the religious structures in Epidaurus and Priene. |
| 530 ## - ADDITIONAL PHYSICAL FORM AVAILABLE NOTE | |
| Issues CD | صدر أيضًا كقرص مدمج. |
| 546 ## - LANGUAGE NOTE | |
| Text Language | النص بالعربية والملخص باللغة الإنجليزية والعربية. |
| 650 #7 - SUBJECT ADDED ENTRY--TOPICAL TERM | |
| Topical term or geographic name entry element | المنشآت الدينية |
| Source of heading or term | qrmak |
| 653 #0 - INDEX TERM--UNCONTROLLED | |
| Uncontrolled term | أباتون |
| -- | إبيداوروس |
| -- | أثينا بولياس |
| 700 0# - ADDED ENTRY--PERSONAL NAME | |
| Personal name | خالد غريب علي أحمد شاهين |
| Relator term | مشرف أطروحة. |
| 700 0# - ADDED ENTRY--PERSONAL NAME | |
| Personal name | منى جبر عبدالنبي |
| Relator term | مشرف أطروحة. |
| 900 ## - Thesis Information | |
| Grant date | 06-07-2025 |
| Supervisory body | خالد غريب علي أحمد شاهين |
| -- | منى جبر عبدالنبي |
| Discussion body | حسان إبراهيم عامر |
| -- | ولاء مصطفى عبد العاطي |
| Universities | جامعة القاهرة |
| Faculties | كلية الآثار |
| Department | قسم الآثار اليونانية الرومانية |
| 905 ## - Cataloger and Reviser Names | |
| Cataloger Name | Sara Salah |
| 942 ## - ADDED ENTRY ELEMENTS (KOHA) | |
| Source of classification or shelving scheme | Dewey Decimal Classification |
| Koha item type | Thesis |
| Edition | 21 |
| Suppress in OPAC | No |
| Source of classification or shelving scheme | Home library | Current library | Date acquired | Inventory number | Full call number | Barcode | Date last seen | Effective from | Koha item type |
|---|---|---|---|---|---|---|---|---|---|
| Dewey Decimal Classification | المكتبة المركزبة الجديدة - جامعة القاهرة | قاعة الرسائل الجامعية - الدور الاول | 21.04.2026 | 33125 | Cai01.14.04.M.Sc.2025.مص.م | 01010100033125000 | 21.04.2026 | 21.04.2026 | Thesis |